000 00912nam0a22002651 4500
001 rc\3027116
005 20250805160813.4
035 _a(NLR Aleph) 007168333
090 _a7320019
_c7320019
100 _a20110929d1944 |||y0rusy50 ca
101 0 _arus
102 _aRU
105 _aa z |||||
200 1 _aТехнология получения малобессемеровской стали
_fВ.М. Пищев
210 _aМосква
_aЛенинград
_cизд-во и 1-я тип. Машгиза
_d1944
_eЛенинград
215 _a48 с., 1 л. черт.
_cчерт.
_d22 см
700 1 _aПищев
_bВ. М.
_gВасилий Михайлович
801 0 _aRU
_bNLR
_gpsbo
801 1 _aRU
_bELAR
_2rusmarc
852 _aNLR
_jТ30 Г-6/53
942 _cBOOK
945 _aРоссийская национальная библиотека
980 _aNB
980 _aBV